| 000 | 00544nam a2200193Ia 4500 | ||
|---|---|---|---|
| 008 | 131103s9999 xx 000 0 und d | ||
| 040 | _aLoreto College | ||
| 041 | _aEnglish | ||
| 082 |
_aREF/920/DAV-PEA _bLCBED/5869 |
||
| 100 | _aPeach, L. Du Grade | ||
| 245 |
_aDavid Livingstone _cL. Du Grade Peach |
||
| 260 |
_aLoughborough _bWills & Hepworth _c1960 |
||
| 300 |
_a50p. _b ill. _c 20cm. |
||
| 440 | _aAn adventure from history | ||
| 650 | _aLivingstone,David | ||
| 651 | _aBiography | ||
| 850 | _aLCBED/REF/920/DAV-PEA | ||
| 942 | _cBK | ||
| 999 |
_c33640 _d84119 |
||